书目信息 |
| 题名: |
人口、资源与环境经济学
|
|
| 作者: | 张象枢 主编 | |
| 分册: | ||
| 出版信息: | 北京 化学工业出版社 2004 |
|
| 页数: | 248页 | |
| 开本: | 23cm | |
| 丛书名: | ||
| 单 册: | ||
| 中图分类: | C92-05 | |
| 科图分类: | ||
| 主题词: | 人口经济学--高等教育--教材 , 资源经济学--高等教育--教材 , 环境经济学--高等教育--教材 , 人口经济学 , 资源经济学 , 环境经济学 | |
| 电子资源: | ||
| ISBN: | 7-5025-5558-7 | |
| 000 | 01143nam0 2200301 450 | |
| 001 | 012007720538 | |
| 005 | 20070523090227.92 | |
| 010 | @a7-5025-5558-7@dCNY30.00 | |
| 100 | @a20070515d2004 km y0chiy0120 ea | |
| 101 | 0 | @achi |
| 102 | @aCN@b110000 | |
| 105 | @ay z 000yy | |
| 106 | @ar | |
| 200 | 1 | @a人口、资源与环境经济学@Aren kou、zi yuan yu huan jing jing ji xue@f张象枢主编@Fzhang xiang shu zhu bian |
| 210 | @a北京@c化学工业出版社@d2004 | |
| 215 | @a248页@d23cm | |
| 300 | @a北京市高等教育精品教材立项项目 | |
| 330 | @a本书由4部分构成,分别讨论了建立人口、资源与环境经济学的必要性,人口、资源、环境经济学的学科性质、特点、假设前提、研究对象、内容与研究方法,人口、资源、环境经济学的微观经济基础,微观经济主体行为理论,宏观经济理论,区域与区际,国际人口、资源、环境经济理论等内容。 | |
| 606 | 0 | @a人口经济学@x高等教育@j教材 |
| 606 | 0 | @a资源经济学@x高等教育@j教材 |
| 606 | 0 | @a环境经济学@x高等教育@j教材 |
| 606 | 0 | @a人口经济学 |
| 606 | 0 | @a资源经济学 |
| 606 | 0 | @a环境经济学 |
| 690 | @aC92-05@v4 | |
| 701 | 0 | @a张象枢@Azhang xiang shu@f(1931~)@4主编 |
| 801 | 0 | @aCN@bRULIN@c20070523 |
| 905 | @dC92-05@e58@s8 | |
| 人口、资源与环境经济学/张象枢主编.-北京:化学工业出版社,2004 |
| 248页;23cm |
| 北京市高等教育精品教材立项项目 |
| ISBN 7-5025-5558-7:CNY30.00 |
| 本书由4部分构成,分别讨论了建立人口、资源与环境经济学的必要性,人口、资源、环境经济学的学科性质、特点、假设前提、研究对象、内容与研究方法,人口、资源、环境经济学的微观经济基础,微观经济主体行为理论,宏观经济理论,区域与区际,国际人口、资源、环境经济理论等内容。 |
| ● |
| 相关链接 |
|
|
|
|
正题名:人口、资源与环境经济学
索取号:C92-05/58
 
预约/预借
| 序号 | 登录号 | 条形码 | 馆藏地/架位号 | 状态 | 备注 |
| 1 | 0577147 | 205771477 | 第一样本阅览室/ [索取号:C92-05/58] | 在馆 | |
| 2 | 0577148 | 205771486 | 第一借阅区/ [索取号:C92-05/58] | 在馆 | |
| 3 | 0577149 | 205771495 | 第一借阅区/ [索取号:C92-05/58] | 在馆 | |
| 4 | 0577150 | 205771501 | 第一借阅区/ [索取号:C92-05/58] | 在馆 | |
| 5 | 0577151 | 205771510 | 第一借阅区/ [索取号:C92-05/58] | 在馆 | |
| 6 | 0577152 | 205771529 | 第一借阅区/ [索取号:C92-05/58] | 在馆 | |
| 7 | 0577153 | 205771538 | 教育系资料室/ [索取号:C92-05/58] | 在馆 | |
| 8 | 0577154 | 205771547 | 教育系资料室/ [索取号:C92-05/58] | 在馆 |